[Event "CYCC U10 w"]
[Site "Vancouver CAN"]
[Date "2012.07.04"]
[Round "5"]
[White "Armstrong, Riley"]
[Black "Seyfi, Agata"]
[Result "0-1"]
[WhiteElo "450"]
[BlackElo "636"]
[PlyCount "47"]
[GameId "2160767909508631"]
[EventDate "2012.07.03"]
[EventType "swiss"]
[EventRounds "7"]
[EventCountry "CAN"]
[SourceTitle "EXT 2022"]
[Source "ChessBase"]
[SourceDate "2021.10.06"]
[SourceVersion "1"]
[SourceVersionDate "2021.10.06"]
[SourceQuality "1"]

1. e3 e5 2. Bc4 Nf6 3. Qe2 d5 4. Bb5+ c6 5. Ba4 e4 6. f3 Bd7 7. fxe4 Nxe4 8. d3 Nc5 9. b3 Qa5+ 10. Bd2 Qa6 11. Nc3 b5 12. d4 Ne6 13. h4 bxa4 14. Nxa4 Qxe2+ 15. Kxe2 c5 16. dxc5 Bxa4 17. bxa4 Nxc5 18. a5 Bd6 19. Rb1 Be5 20. Rh3 Na4 21. Rf3 Bc3 22. Bxc3 Nxc3+ 23. Kd2 Nxb1+ 24. Kd3 0-1

[Event "CYCC U10 w"]
[Site "Vancouver CAN"]
[Date "2012.07.04"]
[Round "5"]
[White "Millar, Sophia"]
[Black "Pulfer, Rachel"]
[Result "1-0"]
[WhiteElo "636"]
[BlackElo "791"]
[PlyCount "73"]
[GameId "2160767909508632"]
[EventDate "2012.07.03"]
[EventType "swiss"]
[EventRounds "7"]
[EventCountry "CAN"]
[SourceTitle "EXT 2022"]
[Source "ChessBase"]
[SourceDate "2021.10.06"]
[SourceVersion "1"]
[SourceVersionDate "2021.10.06"]
[SourceQuality "1"]

1. e4 e5 2. Nf3 Nc6 3. Bc4 Nf6 4. Nc3 Bc5 5. O-O O-O 6. Nh4 d6 7. Qf3 Bg4 8. Qg3 Bb4 9. a3 Bxc3 10. dxc3 Qd7 11. h3 Nxe4 12. Qe3 Bf5 13. Bd3 d5 14. Qf3 Bg6 15. Bxe4 Bxe4 16. Qg3 Qd6 17. f3 Bxc2 18. Rf2 Ba4 19. Nf5 Qg6 20. Qh4 Qxf5 21. g4 Qe6 22. Qg5 Qg6 23. Qh4 Rfe8 24. Rg2 e4 25. fxe4 Rxe4 26. b3 Re1+ 27. Kh2 Ne5 28. bxa4 Nf3+ 29. Kg3 Nxh4 30. Kxh4 Qh6+ 31. Bxh6 gxh6 32. Rxe1 Rd8 33. Kh5 Kg7 34. g5 hxg5 35. Kxg5 Rg8 36. Rge2 Re8 37. Rxe8 1-0

[Event "CYCC U10 w"]
[Site "Vancouver CAN"]
[Date "2012.07.04"]
[Round "5"]
[White "Tao, Ellen"]
[Black "Birarov, Nicole"]
[Result "1/2-1/2"]
[WhiteElo "748"]
[BlackElo "1382"]
[PlyCount "168"]
[GameId "2160767909508633"]
[EventDate "2012.07.03"]
[EventType "swiss"]
[EventRounds "7"]
[EventCountry "CAN"]
[SourceTitle "EXT 2022"]
[Source "ChessBase"]
[SourceDate "2021.10.06"]
[SourceVersion "1"]
[SourceVersionDate "2021.10.06"]
[SourceQuality "1"]

1. e4 d5 2. exd5 Nf6 3. Bb5+ Bd7 4. Be2 Bf5 5. Bb5+ Bd7 6. Be2 Nxd5 7. d4 Nc6 8. c4 Nb6 9. h3 Bf5 10. Be3 Qd7 11. Nf3 e6 12. a3 Be7 13. Nc3 Rd8 14. O-O O-O 15. Qd2 Bf6 16. Rad1 Rfe8 17. c5 Nd5 18. Bb5 Nde7 19. Rfe1 a6 20. Ba4 Bg6 21. b4 Nd5 22. Nxd5 exd5 23. Bxc6 Qxc6 24. Bg5 Rxe1+ 25. Rxe1 Be4 26. Ne5 Bxg5 27. Qxg5 Qf6 28. Qxf6 gxf6 29. f3 Bc2 30. Ng4 f5 31. Nf2 Kf8 32. Rc1 Ba4 33. Nh1 f4 34. g3 fxg3 35. Nxg3 Bd7 36. Kh2 c6 37. a4 Re8 38. Kg2 f5 39. Nh5 Kf7 40. Nf4 Re3 41. Rb1 Kg7 42. Kg3 Rc3 43. Re1 Kf7 44. Rb1 Rc2 45. Kh4 Rf2 46. Kg3 Rd2 47. Kh4 Rxd4 48. Kg3 Rc4 49. a5 d4 50. Rb2 Rc3 51. Ne2 Rc4 52. Rd2 Rxb4 53. Rxd4 Rxd4 54. Nxd4 f4+ 55. Kxf4 Bxh3 56. Kg3 Bd7 57. f4 Kf6 58. Kh4 Bf5 59. Kh5 Be6 60. Kh6 Bf5 61. Kh5 Bg6+ 62. Kh6 Kf7 63. f5 Bxf5 64. Nxf5 Ke6 65. Ne3 Ke5 66. Kxh7 Kd4 67. Nd1 Kxc5 68. Kg7 Kb5 69. Kf6 Kxa5 70. Ke5 Kb4 71. Kd4 c5+ 72. Kd3 c4+ 73. Kc2 a5 74. Kb2 a4 75. Ne3 a3+ 76. Ka2 b5 77. Nc2+ Kc3 78. Nxa3 b4 79. Nb5+ Kd3 80. Kb2 c3+ 81. Kc1 b3 82. Kb1 b2 83. Na3 Kd2 84. Nc2 Kd1 1/2-1/2

[Event "CYCC U10 w"]
[Site "Vancouver CAN"]
[Date "2012.07.04"]
[Round "5"]
[White "Zhou, Lily"]
[Black "Nguyen, An"]
[Result "0-1"]
[WhiteElo "1076"]
[BlackElo "1235"]
[PlyCount "178"]
[GameId "2160767909508634"]
[EventDate "2012.07.03"]
[EventType "swiss"]
[EventRounds "7"]
[EventCountry "CAN"]

1. d4 d5 2. c4 e6 3. Nc3 Nf6 4. Nf3 Be7 5. Bf4 Nbd7 6. h3 h6 7. e3 a6 8. a4 b6 9. Be2 Bb7 10. O-O O-O 11. a5 bxa5 12. Rxa5 c5 13. Ra1 Nb6 14. cxd5 Nbxd5 15. Nxd5 Nxd5 16. Bh2 cxd4 17. Nxd4 Bd6 18. e4 Bxh2+ 19. Kxh2 Nf4 20. Bf3 Qd6 21. Kg1 Rfd8 22. Ne2 Qxd1 23. Rfxd1 Rxd1+ 24. Rxd1 Nxe2+ 25. Bxe2 Bxe4 26. Rd4 Bd5 27. g3 a5 28. Kf1 Rb8 29. Rd2 Kf8 30. Ke1 Ke7 31. Kd1 Rc8 32. f4 Bb3+ 33. Ke1 Rc1+ 34. Kf2 Rc2 35. Rxc2 Bxc2 36. Ke3 Kd6 37. Kd4 Bb3 38. Kc3 Bd5 39. Bd1 f6 40. Kd4 e5+ 41. fxe5+ fxe5+ 42. Ke3 Kc5 43. h4 Kb4 44. g4 a4 45. g5 hxg5 46. hxg5 Bb3 47. Bf3 Bc2 48. Bd5 Kc5 49. Bg8 Bb3 50. Bh7 Kd6 51. Bb1 Ke6 52. Ke4 Bd5+ 53. Ke3 Bg2 54. Bc2 Bc6 55. Bb1 Kd6 56. Bc2 Kc5 57. Bb1 Kb4 58. Bc2 Kc4 59. Bxa4 Bxa4 60. Ke4 Bc2+ 61. Kxe5 g6 62. Kf4 Kb3 63. Kg4 Kxb2 64. Kf4 Kc1 65. Kg4 Kd2 66. Kf4 Kd3 67. Kg4 Kd4 68. Kf4 Kd5 69. Kg4 Ke5 70. Kg3 Kf5 71. Kf2 Kxg5 72. Kg3 Bb1 73. Kf2 Kf4 74. Ke2 g5 75. Kf2 Kg4 76. Kg2 Ba2 77. Kf2 Kh3 78. Kf1 Kh2 79. Kf2 g4 80. Ke1 g3 81. Kd1 g2 82. Kc2 g1=Q 83. Kb2 Bd5 84. Kc3 Qe3+ 85. Kb4 Qd3 86. Ka5 Qb3 87. Ka6 Bc4+ 88. Ka7 Qb5 89. Ka8 Bd5+ 0-1

[Event "CYCC U10 w"]
[Site "Vancouver CAN"]
[Date "2012.07.05"]
[Round "5"]
[White "Botez, Andrea"]
[Black "Zhang, Jeannie"]
[Result "1-0"]
[WhiteElo "2028"]
[BlackElo "1027"]
[PlyCount "117"]
[GameId "2160767909508636"]
[EventDate "2012.07.03"]
[EventType "swiss"]
[EventRounds "7"]
[EventCountry "CAN"]
[SourceTitle "EXT 2022"]
[Source "ChessBase"]
[SourceDate "2021.10.06"]
[SourceVersion "1"]
[SourceVersionDate "2021.10.06"]
[SourceQuality "1"]

1. Nf3 Nf6 2. d4 d5 3. e3 c6 4. c4 e6 5. Nc3 Nbd7 6. Be2 dxc4 7. Bxc4 Be7 8. O-O O-O 9. Bd2 b6 10. Rc1 Bb7 11. a3 c5 12. dxc5 Nxc5 13. b4 Nce4 14. Nxe4 Nxe4 15. Bc3 Rc8 16. Qd4 Qxd4 17. Bxd4 Rfd8 18. Rfd1 Kf8 19. Kf1 Rd6 20. Ke2 f6 21. Bd3 Rxc1 22. Rxc1 e5 23. Bb2 a6 24. Ne1 b5 25. f3 Ng5 26. h4 Ne6 27. Bxh7 Kf7 28. Bd3 Bd8 29. Nc2 Bb6 30. Na1 Rd8 31. Nb3 Rh8 32. g3 Rc8 33. Rxc8 Bxc8 34. Be4 g6 35. g4 Ng7 36. Bd5+ Ke7 37. Bc3 Be6 38. Bxe6 Nxe6 39. Kd3 Ng7 40. f4 exf4 41. exf4 Ba7 42. Bd4 Bxd4 43. Nxd4 Kd6 44. Ke4 Kd7 45. Kd5 Ne8 46. Ne6 Nd6 47. Nf8+ Ke7 48. Nxg6+ Kd7 49. h5 Ke8 50. Kxd6 Kf7 51. Kd7 Kg7 52. Ke7 Kh7 53. Kxf6 a5 54. bxa5 b4 55. axb4 Kg8 56. a6 Kh7 57. a7 Kg8 58. f5 Kh7 59. a8=Q 1-0

[Event "CYCC U10 w"]
[Site "Vancouver CAN"]
[Date "2012.07.05"]
[Round "5"]
[White "Zhou, Annika"]
[Black "Yu, Rinna"]
[Result "0-1"]
[WhiteElo "1003"]
[BlackElo "809"]
[PlyCount "134"]
[GameId "2160767909508637"]
[EventDate "2012.07.03"]
[EventType "swiss"]
[EventRounds "7"]
[EventCountry "CAN"]
[SourceTitle "EXT 2022"]
[Source "ChessBase"]
[SourceDate "2021.10.06"]
[SourceVersion "1"]
[SourceVersionDate "2021.10.06"]
[SourceQuality "1"]

1. e4 e5 2. Nf3 d6 3. Nc3 f5 4. d3 Nf6 5. Bg5 c6 6. d4 exd4 7. Nxd4 fxe4 8. Nxe4 Be7 9. Nxf6+ Bxf6 10. Bxf6 Qxf6 11. Qe2+ Kd8 12. Qd3 Re8+ 13. Kd1 Qxf2 14. Nf3 Bg4 15. Qd2 Bxf3+ 16. gxf3 Qxf3+ 17. Kc1 Qxh1 18. Qxd6+ Nd7 19. Qd1 Qxh2 20. b3 Qf4+ 21. Kb2 Qf6+ 22. Kb1 Qc3 23. Be2 a5 24. a4 b5 25. Ka2 bxa4 26. bxa4 Qb4 27. c3 Rxe2+ 28. Qxe2 Qxa4+ 29. Kb2 Rb8+ 30. Kc1 Qxa1+ 31. Kd2 Rb2+ 32. Kd3 Qb1+ 33. Kd4 Rxe2 34. Kc4 Qb5+ 35. Kd4 Qb4+ 36. cxb4 a4 37. Kc3 a3 38. Kb3 a2 39. Kc4 a1=Q 40. Kd3 Qd1+ 41. Kc3 g5 42. b5 cxb5 43. Kb4 h5 44. Kc3 b4+ 45. Kxb4 g4 46. Kc3 Qd2+ 47. Kc4 Nc5 48. Kb5 h4 49. Kxc5 g3 50. Kc4 g2 51. Kb3 h3 52. Kc4 h2 53. Kb3 g1=B 54. Ka3 h1=B 55. Kb3 Qb4+ 56. Kxb4 Rc2 57. Kb3 Rc7 58. Kb2 Bd4+ 59. Kb3 Bd5+ 60. Kb4 Rb7+ 61. Ka5 Bc3+ 62. Ka6 Rb1 63. Ka7 Bd4+ 64. Ka6 Bc4+ 65. Ka5 Bc3+ 66. Ka4 Rb7 67. Ka3 Ra7# 0-1

[Event "CYCC U10 w"]
[Site "Vancouver CAN"]
[Date "2012.07.05"]
[Round "6"]
[White "Birarov, Nicole"]
[Black "Millar, Sophia"]
[Result "1-0"]
[WhiteElo "1382"]
[BlackElo "636"]
[PlyCount "31"]
[GameId "2160767909508638"]
[EventDate "2012.07.03"]
[EventType "swiss"]
[EventRounds "7"]
[EventCountry "CAN"]
[SourceTitle "EXT 2022"]
[Source "ChessBase"]
[SourceDate "2021.10.06"]
[SourceVersion "1"]
[SourceVersionDate "2021.10.06"]
[SourceQuality "1"]

1. d4 d5 2. Nf3 Nc6 3. c4 dxc4 4. e4 Bg4 5. d5 Nd4 6. Qxd4 e6 7. e5 Qxd5 8. Bxc4 Qa5+ 9. Bd2 Qa4 10. Qxg4 O-O-O 11. O-O Qc2 12. Bc3 Rd1 13. Na3 Bxa3 14. Raxd1 Nh6 15. Qd4 Rd8 16. Qxd8# 1-0

[Event "CYCC U10 w"]
[Site "Vancouver CAN"]
[Date "2012.07.05"]
[Round "6"]
[White "Botez, Andrea"]
[Black "Zhou, Annika"]
[Result "1-0"]
[WhiteElo "1034"]
[BlackElo "1003"]
[PlyCount "107"]
[GameId "2160767909508639"]
[EventDate "2012.07.03"]
[EventType "swiss"]
[EventRounds "7"]
[EventCountry "CAN"]
[SourceTitle "EXT 2022"]
[Source "ChessBase"]
[SourceDate "2021.10.06"]
[SourceVersion "1"]
[SourceVersionDate "2021.10.06"]
[SourceQuality "1"]

1. Nf3 d5 2. d4 Nc6 3. e3 Bg4 4. h3 Bh5 5. c4 e6 6. Nc3 Nf6 7. c5 Ne4 8. Be2 Be7 9. O-O O-O 10. Nd2 Bxe2 11. Qxe2 f5 12. Ndxe4 fxe4 13. a3 e5 14. dxe5 Nxe5 15. b4 Nd3 16. Qa2 c6 17. Nxe4 Kh8 18. Nd2 Bf6 19. Rb1 d4 20. Nf3 dxe3 21. Bxe3 Ne5 22. Nxe5 Bxe5 23. Rbd1 Qe7 24. Rfe1 Rad8 25. Bd4 Rd5 26. Qe2 Re8 27. Bxe5 Kg8 28. Rxd5 cxd5 29. Qd3 Qf7 30. Bc3 Rxe1+ 31. Bxe1 Qe6 32. Qe3 Qxe3 33. fxe3 Kf7 34. Bc3 g6 35. Kf2 Ke6 36. Kf3 Kf5 37. g4+ Ke6 38. Kf4 a6 39. e4 dxe4 40. Kxe4 Kd7 41. Kd5 Kc7 42. Be5+ Kd7 43. a4 h6 44. h4 h5 45. g5 Kc8 46. b5 Kd7 47. bxa6 bxa6 48. c6+ Kd8 49. Kd6 Kc8 50. c7 a5 51. Bf6 Kb7 52. Kd7 Ka7 53. Bd4+ Ka6 54. c8=Q# 1-0

[Event "CYCC U10 w"]
[Site "Vancouver CAN"]
[Date "2012.07.05"]
[Round "6"]
[White "Kaneshalingam, Mathanhe"]
[Black "Zhou, Lily"]
[Result "0-1"]
[WhiteElo "1157"]
[BlackElo "1076"]
[PlyCount "72"]
[GameId "2160767909508640"]
[EventDate "2012.07.03"]
[EventType "swiss"]
[EventRounds "7"]
[EventCountry "CAN"]
[SourceTitle "EXT 2022"]
[Source "ChessBase"]
[SourceDate "2021.10.06"]
[SourceVersion "1"]
[SourceVersionDate "2021.10.06"]
[SourceQuality "1"]

1. d4 f5 2. c4 Nf6 3. Nc3 e6 4. e3 Bb4 5. Bd3 O-O 6. Nf3 Qe8 7. O-O d6 8. Qc2 Kh8 9. h3 b6 10. Qe2 Bb7 11. Bd2 Bxc3 12. Bxc3 Ne4 13. Bxe4 Bxe4 14. Rfe1 Nd7 15. b4 Qg6 16. a3 f4 17. exf4 Rxf4 18. Kh1 Raf8 19. Rg1 d5 20. cxd5 exd5 21. Rac1 Qf6 22. Kh2 Bxf3 23. gxf3 Rxf3 24. Be1 Qf4+ 25. Rg3 Rxg3 26. fxg3 Qxc1 27. Qe7 Qc2+ 28. Kg1 Qf5 29. Qe2 Nf6 30. g4 Qe4 31. Qd2 Re8 32. Bg3 c6 33. Bf2 Qe2 34. Qc3 Ne4 35. Qxc6 Qxf2+ 36. Kh1 Ng3# 0-1

[Event "CYCC U10 w"]
[Site "Vancouver CAN"]
[Date "2012.07.05"]
[Round "6"]
[White "Seyfi, Agata"]
[Black "Pulfer, Rachel"]
[Result "1/2-1/2"]
[WhiteElo "636"]
[BlackElo "791"]
[PlyCount "63"]
[GameId "2160767909508641"]
[EventDate "2012.07.03"]
[EventType "swiss"]
[EventRounds "7"]
[EventCountry "CAN"]
[SourceTitle "EXT 2022"]
[Source "ChessBase"]
[SourceDate "2021.10.06"]
[SourceVersion "1"]
[SourceVersionDate "2021.10.06"]
[SourceQuality "1"]

1. e4 e5 2. Nf3 Nc6 3. Bb5 Nf6 4. Bxc6 dxc6 5. Nc3 Bd6 6. d4 exd4 7. Nxd4 O-O 8. O-O Bg4 9. f3 Bd7 10. h3 c5 11. Nde2 Qe7 12. Qd3 a6 13. f4 c4 14. Qxc4 Bc5+ 15. Kh1 Bb5 16. Qb3 Bxe2 17. Nxe2 Qxe4 18. Ng3 Qc6 19. Nf5 Rae8 20. Qg3 g6 21. a3 Re6 22. b4 Ne4 23. Qb3 gxf5 24. bxc5 Nxc5 25. Qc3 Re2 26. Rg1 Rfe8 27. Bb2 f6 28. Qc4+ Kf8 29. Rad1 b5 30. Qc3 R8e3 31. Qd4 Rg3 32. Rd2 1/2-1/2

[Event "CYCC U10 w"]
[Site "Vancouver CAN"]
[Date "2012.07.05"]
[Round "6"]
[White "Tao, Ellen"]
[Black "Lemieux, Gabrielle"]
[Result "1-0"]
[WhiteElo "748"]
[BlackElo "579"]
[PlyCount "47"]
[GameId "2160767909508642"]
[EventDate "2012.07.03"]
[EventType "swiss"]
[EventRounds "7"]
[EventCountry "CAN"]
[SourceTitle "EXT 2022"]
[Source "ChessBase"]
[SourceDate "2021.10.06"]
[SourceVersion "1"]
[SourceVersionDate "2021.10.06"]
[SourceQuality "1"]

1. e4 e5 2. Nf3 Nc6 3. Bc4 Nf6 4. Nc3 d6 5. h3 Be6 6. Bb3 Bxb3 7. axb3 Nd4 8. Nxd4 exd4 9. Nd5 Nxe4 10. Qe2 f5 11. d3 Be7 12. dxe4 fxe4 13. Qxe4 O-O 14. Nxe7+ Kh8 15. Bg5 h6 16. Ng6+ Kg8 17. Bxd8 Rfxd8 18. Ne7+ Kf7 19. O-O Re8 20. Rfe1 Rxe7 21. Qxe7+ Kg8 22. Re4 c5 23. Rg4 Rf8 24. Qxg7# 1-0

[Event "CYCC U10 w"]
[Site "Vancouver CAN"]
[Date "2012.07.05"]
[Round "6"]
[White "Yu, Rinna"]
[Black "Nguyen, An"]
[Result "0-1"]
[WhiteElo "809"]
[BlackElo "1235"]
[PlyCount "146"]
[GameId "2160767909508643"]
[EventDate "2012.07.03"]
[EventType "swiss"]
[EventRounds "7"]
[EventCountry "CAN"]

1. e4 c6 2. c4 d5 3. exd5 cxd5 4. cxd5 Qxd5 5. Nc3 Qd8 6. f4 Nf6 7. Nf3 Nc6 8. Be2 Bf5 9. O-O e6 10. a3 Bd6 11. d4 Bc7 12. Qd2 Bb6 13. Rd1 O-O 14. b4 a6 15. Bb2 Rc8 16. Kh1 h6 17. Rf1 Bxd4 18. Nxd4 Nxd4 19. Rad1 Nxe2 20. Qxe2 Qe7 21. Qe5 Qc7 22. Qe3 Rfd8 23. h3 Qc6 24. Kh2 Bg6 25. g4 Nd5 26. Qe5 f6 27. Qe1 Nxc3 28. Rxd8+ Rxd8 29. Bxc3 Rd3 30. Ba1 Rxa3 31. g5 Ra2+ 32. Rf2 Rxf2+ 33. Qxf2 hxg5 34. fxg5 Qd6+ 35. Qg3 Qd2+ 36. Qg2 Qd6+ 37. Qg3 Qd2+ 38. Qg2 Qxg2+ 39. Kxg2 fxg5 40. Kg3 Bf5 41. h4 gxh4+ 42. Kxh4 g6 43. Kg5 Kf7 44. Bf6 Ke8 45. Kf4 Kd7 46. Ke5 Kc6 47. Kd4 Kb5 48. Kc3 b6 49. Bd8 a5 50. bxa5 bxa5 51. Kb3 a4+ 52. Ka3 e5 53. Bf6 e4 54. Bg5 Bd7 55. Kb2 Kc4 56. Kc2 Kd4 57. Kd2 a3 58. Bf6+ Kc4 59. Ke3 Bf5 60. Kd2 a2 61. Kc2 Be6 62. Kd2 g5 63. Ke2 g4 64. Kf2 Kd3 65. Be5 e3+ 66. Kg2 e2 67. Kf2 Kd2 68. Bf4+ Kd1 69. Ke3 e1=Q+ 70. Kd3 a1=Q 71. Be5 Qa3+ 72. Kd4 Qec3+ 73. Ke4 Qe3# 0-1

[Event "CYCC U10 w"]
[Site "Vancouver CAN"]
[Date "2012.07.05"]
[Round "6"]
[White "Zhang, Jeannie"]
[Black "Armstrong, Riley"]
[Result "1-0"]
[WhiteElo "1027"]
[BlackElo "450"]
[PlyCount "61"]
[GameId "2160767909508645"]
[EventDate "2012.07.03"]
[EventType "swiss"]
[EventRounds "7"]
[EventCountry "CAN"]
[SourceTitle "EXT 2022"]
[Source "ChessBase"]
[SourceDate "2021.10.06"]
[SourceVersion "1"]
[SourceVersionDate "2021.10.06"]
[SourceQuality "1"]

1. e4 d6 2. Nf3 Bd7 3. d4 e6 4. Nc3 Nc6 5. Be3 e5 6. dxe5 dxe5 7. Bc4 a5 8. O-O Qe7 9. Qe2 Nb4 10. a3 Nc6 11. Rfd1 Bg4 12. h3 Bh5 13. Nd5 Qd8 14. Nf4 exf4 15. Rxd8+ Kxd8 16. Bxf4 Bc5 17. Rd1+ Ke8 18. g4 Bg6 19. Bxc7 Nf6 20. e5 Ne4 21. Rf1 Nd4 22. Nxd4 Bxd4 23. c3 Bxe5 24. Bxe5 Rd8 25. Bxg7 Rg8 26. Bf6 Rd6 27. Be5 Rd2 28. Bb5+ Kd8 29. Rd1 Rxd1+ 30. Qxd1+ Kc8 31. Qd7# 1-0

[Event "CYCC U10 w"]
[Site "Vancouver CAN"]
[Date "2012.07.05"]
[Round "7"]
[White "Millar, Sophia"]
[Black "Kaneshalingam, Mathanhe"]
[Result "0-1"]
[WhiteElo "636"]
[BlackElo "1157"]
[PlyCount "40"]
[GameId "2160767909508646"]
[EventDate "2012.07.03"]
[EventType "swiss"]
[EventRounds "7"]
[EventCountry "CAN"]
[SourceTitle "EXT 2022"]
[Source "ChessBase"]
[SourceDate "2021.10.06"]
[SourceVersion "1"]
[SourceVersionDate "2021.10.06"]
[SourceQuality "1"]

1. e4 c5 2. Nc3 Nc6 3. Bc4 e6 4. Nf3 Be7 5. O-O d6 6. Bb5 a6 7. Bc4 b5 8. Nxb5 axb5 9. Bxb5 Qc7 10. d3 Nf6 11. Bf4 O-O 12. Ng5 h6 13. Nh3 e5 14. Bxc6 Qxc6 15. Qf3 exf4 16. Nxf4 g5 17. Nh5 Nxh5 18. Qxh5 Kg7 19. e5 Bb7 20. f4 Qxg2# 0-1

[Event "CYCC U10 w"]
[Site "Vancouver CAN"]
[Date "2012.07.05"]
[Round "7"]
[White "Yu, Rinna"]
[Black "Botez, Andrea"]
[Result "0-1"]
[WhiteElo "809"]
[BlackElo "1034"]
[PlyCount "108"]
[GameId "2160767909508647"]
[EventDate "2012.07.03"]
[EventType "swiss"]
[EventRounds "7"]
[EventCountry "CAN"]
[SourceTitle "EXT 2022"]
[Source "ChessBase"]
[SourceDate "2021.10.06"]
[SourceVersion "1"]
[SourceVersionDate "2021.10.06"]
[SourceQuality "1"]

1. e4 d6 2. d4 Nf6 3. Nc3 g6 4. Nf3 Bg7 5. h3 O-O 6. Be2 Nbd7 7. Be3 a6 8. a4 e5 9. O-O Re8 10. Bd3 b6 11. Re1 h6 12. Qc1 Kh7 13. Bd2 Bb7 14. Bc4 exd4 15. Nxd4 Ne5 16. Bd3 c5 17. Nf3 Nxf3+ 18. gxf3 Qd7 19. Nd5 Nxd5 20. exd5 Rxe1+ 21. Bxe1 Bxd5 22. Qf4 Be5 23. Qh4 Bxf3 24. Bd2 Bg7 25. Be4 Bxe4 26. Qxe4 Re8 27. Qf3 f5 28. a5 b5 29. Re1 Rxe1+ 30. Bxe1 d5 31. b4 c4 32. c3 Qe6 33. Kf1 Qe4 34. Qe3 Qxe3 35. fxe3 Be5 36. Bd2 g5 37. Ke2 Kg6 38. Kf2 h5 39. Kg2 h4 40. Kf3 Kh5 41. Be1 g4+ 42. hxg4+ fxg4+ 43. Kg2 h3+ 44. Kf2 g3+ 45. Kg1 Kg4 46. e4 dxe4 47. Bd2 Bf4 48. Bxf4 Kxf4 49. Kf1 e3 50. Ke1 h2 51. Ke2 g2 52. Kd1 g1=Q+ 53. Ke2 Qf2+ 54. Kd1 h1=Q# 0-1

[Event "CYCC U10 w"]
[Site "Vancouver CAN"]
[Date "2012.07.05"]
[Round "7"]
[White "Zhou, Lily"]
[Black "Birarov, Nicole"]
[Result "1-0"]
[WhiteElo "1076"]
[BlackElo "1382"]
[PlyCount "81"]
[GameId "2160767909508649"]
[EventDate "2012.07.03"]
[EventType "swiss"]
[EventRounds "7"]
[EventCountry "CAN"]
[SourceTitle "EXT 2022"]
[Source "ChessBase"]
[SourceDate "2021.10.06"]
[SourceVersion "1"]
[SourceVersionDate "2021.10.06"]
[SourceQuality "1"]

1. d4 f5 2. c4 Nf6 3. Nc3 e6 4. Bg5 d5 5. Nf3 c6 6. e3 Nbd7 7. Be2 Be7 8. O-O O-O 9. a3 Ne4 10. Bxe7 Qxe7 11. Qc2 Ndf6 12. Ne5 Nxc3 13. Qxc3 Ne4 14. Qc2 Qg5 15. b4 Rd8 16. Rab1 Bd7 17. Nxd7 Rxd7 18. b5 Rf7 19. cxd5 cxd5 20. a4 Rf6 21. b6 axb6 22. Rxb6 Rh6 23. Qc7 Qh4 24. Rxb7 Qxh2+ 25. Qxh2 Rxh2 26. Kxh2 Rxa4 27. Rc1 h6 28. Kg1 Ra2 29. Kf1 h5 30. Rb6 h4 31. Rxe6 Nd2+ 32. Ke1 Nb3 33. Rb1 Nd2 34. Rd1 Ne4 35. Rc6 Kf7 36. Rdc1 Ng5 37. Bh5+ Ke7 38. Rc7+ Kf6 39. f4 Ne4 40. R1c6+ Nd6 41. Rxd6# 1-0

[Event "CYCC U10 w"]
[Site "Vancouver CAN"]
[Date "2012.07.06"]
[Round "7"]
[White "Nguyen, An"]
[Black "Tao, Ellen"]
[Result "1-0"]
[WhiteElo "1235"]
[BlackElo "748"]
[PlyCount "130"]
[GameId "2160767909508650"]
[EventDate "2012.07.03"]
[EventType "swiss"]
[EventRounds "7"]
[EventCountry "CAN"]
[SourceTitle "hb 2012"]

1. e4 e5 2. Nf3 Nc6 3. Bb5 d6 4. h3 Bd7 5. O-O Nf6 6. Re1 Be7 7. c3 a6 8. Ba4 b5 9. Bc2 O-O 10. d3 h6 11. Nbd2 Re8 12. Nf1 Be6 13. Ng3 a5 14. b3 b4 15. c4 Nd4 16. Nxd4 exd4 17. Ne2 c5 18. Nf4 Qc8 19. Nxe6 Qxe6 20. Bd2 Bf8 21. a3 Qd7 22. Qf3 Rad8 23. Bxh6 gxh6 24. Qxf6 Qe6 25. Qh4 Be7 26. Qh5 Qg6 27. Bd1 Qxh5 28. Bxh5 Rb8 29. a4 Bf6 30. Re2 Rbd8 31. Rae1 Re7 32. g3 Rde8 33. f4 Bg7 34. Bf3 f6 35. g4 Kh7 36. h4 Bf8 37. Kh2 Kg7 38. Rg1 Kh7 39. Kh1 Kh8 40. Kg2 Rg7 41. Kf1 Be7 42. e5 fxe5 43. fxe5 Bxh4 44. e6 Rf8 45. Kg2 h5 46. Kh3 Rxf3+ 47. Kxh4 hxg4 48. Rh1 Re3 49. Rxe3 dxe3 50. Kg3+ Kg8 51. Re1 Re7 52. Rxe3 Kg7 53. Kxg4 Kf6 54. Kf4 Rxe6 55. Rxe6+ Kxe6 56. Ke4 Kf7 57. Kd5 Ke7 58. d4 cxd4 59. Kxd4 Kd7 60. Kd5 Kc7 61. c5 dxc5 62. Kxc5 Kb7 63. Kb5 Kc7 64. Kxa5 Kb7 65. Kxb4 Kc6 1-0

[Event "CYCC U10 w"]
[Site "Vancouver CAN"]
[Date "2012.07.06"]
[Round "7"]
[White "Pulfer, Rachel"]
[Black "Lemieux, Gabrielle"]
[Result "1-0"]
[WhiteElo "791"]
[BlackElo "579"]
[PlyCount "41"]
[GameId "2160767909508652"]
[EventDate "2012.07.03"]
[EventType "swiss"]
[EventRounds "7"]
[EventCountry "CAN"]
[SourceTitle "hb 2012"]

1. e4 e5 2. Nf3 Nc6 3. Nc3 Nf6 4. Bc4 Bb4 5. d3 Bxc3+ 6. bxc3 Na5 7. Bb3 Nc6 8. Ng5 h6 9. Nxf7 Qe7 10. Nxh8 Na5 11. Ng6 Qd6 12. O-O Nxb3 13. axb3 Qc5 14. Bd2 a5 15. b4 a4 16. bxc5 a3 17. Qb1 d5 18. cxd6 cxd6 19. Qb3 Kd7 20. Rxa3 Rxa3 21. Qxa3 1-0

[Event "CYCC U10 w"]
[Site "Vancouver CAN"]
[Date "2012.07.06"]
[Round "7"]
[White "Zhang, Jeannie"]
[Black "Seyfi, Agata"]
[Result "1-0"]
[WhiteElo "1027"]
[BlackElo "636"]
[PlyCount "83"]
[GameId "2160767909508653"]
[EventDate "2012.07.03"]
[EventType "swiss"]
[EventRounds "7"]
[EventCountry "CAN"]
[SourceTitle "hb 2012"]

1. e4 e5 2. Nf3 Nc6 3. Bc4 Nf6 4. Ng5 d5 5. exd5 Nxd5 6. Nxf7 Kxf7 7. Qf3+ Ke8 8. Bxd5 Qf6 9. O-O Qxf3 10. Bxf3 Nd4 11. Be4 c6 12. Nc3 Bb4 13. Re1 Bd6 14. b3 Bf5 15. Bxf5 Nxf5 16. Bb2 Nd4 17. Rac1 Kf7 18. Ne2 Nxe2+ 19. Rxe2 Rhe8 20. Rce1 Kg8 21. f4 Re6 22. fxe5 Bc7 23. d4 Rh6 24. c4 Rd8 25. g3 Re6 26. Rf1 Rf8 27. Rxf8+ Kxf8 28. d5 cxd5 29. cxd5 Rg6 30. d6 Bb6+ 31. Kg2 Re6 32. d7 Ke7 33. Rd2 g5 34. Kf3 h6 35. Ke4 Kd8 36. Kf5 Re7 37. e6 h5 38. Bf6 Bc5 39. Bxe7+ Bxe7 40. Rc2 Bf8 41. Rc8+ Ke7 42. d8=Q# 1-0

[Event "CYCC U12"]
[Site "Vancouver CAN"]
[Date "2012.07.02"]
[Round "1"]
[White "D'Amore, Tyler"]
[Black "Dawson, Jeffrey"]
[Result "0-1"]
[WhiteElo "822"]
[BlackElo "1224"]
[PlyCount "46"]
[GameId "2160767909508654"]
[EventDate "2012.07.03"]
[EventType "swiss"]
[EventRounds "7"]
[EventCountry "CAN"]
[SourceTitle "hb 2012"]

1. e3 c5 2. Qf3 Nf6 3. Nh3 h6 4. Bc4 Nc6 5. g4 Ne5 6. Qf4 Nxc4 7. Qxc4 e6 8. g5 hxg5 9. Nxg5 Be7 10. Qf4 O-O 11. Qh4 d6 12. Rg1 Re8 13. Qg3 Bf8 14. b3 e5 15. Bb2 Qe7 16. d4 cxd4 17. exd4 exd4+ 18. Kd1 Qe2+ 19. Kc1 Bf5 20. Na3 Rac8 21. c3 dxc3 22. Bxc3 d5 23. Re1 Bxa3# 0-1

[Event "CYCC U12"]
[Site "Vancouver CAN"]
[Date "2012.07.02"]
[Round "1"]
[White "Liu, Ryan"]
[Black "Yu, Robin"]
[Result "0-1"]
[WhiteElo "852"]
[BlackElo "1293"]
[PlyCount "60"]
[GameId "2160767909508655"]
[EventDate "2012.07.03"]
[EventType "swiss"]
[EventRounds "7"]
[EventCountry "CAN"]
[SourceTitle "hb 2012"]

1. e4 e5 2. Nf3 Nc6 3. Bc4 Nf6 4. Ng5 d5 5. exd5 Nd4 6. c3 b5 7. cxd4 bxc4 8. dxe5 Nxd5 9. d3 Be7 10. Nf3 cxd3 11. Qxd3 Nb4 12. Qxd8+ Bxd8 13. Na3 Nd3+ 14. Ke2 Ba6 15. Kd2 Nxf2 16. Re1 Be7 17. Kc2 O-O 18. e6 f6 19. Be3 Nd3 20. Red1 Nb4+ 21. Kd2 Rfd8+ 22. Ke1 Nd3+ 23. Kd2 Nxb2+ 24. Kc2 Nxd1 25. Rxd1 Rxd1 26. Kxd1 Bxa3 27. Nd4 Rd8 28. Kc2 Bc5 29. Nc6 Rd5 30. Bxc5 Rxc5+ 0-1